|
|
|
|
| LEADER |
01387cam a2200289 i 4500 |
| 001 |
19006649 |
| 003 |
GR-PaULI |
| 005 |
20210915100321.0 |
| 008 |
160307t2016 us a g b 001 0 eng d |
| 952 |
|
|
|0 0
|1 0
|2 ddc
|4 0
|6 410_188000000000000_TRI
|7 0
|9 233654
|a LISP
|b LISP
|c BSC
|d 2019-07-05
|e Προμήθεια Φιλολογίας
|i 139933
|l 0
|o 410.188 TRI
|p 025000261469
|r 2019-07-05 00:00:00
|t 1
|v 2019.00
|w 2019-07-05
|y BK15
|
| 999 |
|
|
|c 141781
|d 141781
|
| 020 |
|
|
|a 9781138850255 (σκληρόδετο)
|
| 020 |
|
|
|z 9781315724812 (ebk.)
|
| 040 |
|
|
|a DLC
|b eng
|c DLC
|d DLC
|d GR-PaULI
|e AACR2
|
| 082 |
0 |
0 |
|a 410.188
|2 23
|
| 245 |
0 |
0 |
|a Triangulating methodological approaches in corpus-linguistic research /
|c edited by Paul Baker and Jesse Egbert.
|
| 260 |
|
|
|a New York :
|b Routledge,
|c c2016.
|
| 300 |
|
|
|a xii, 215 σ. :
|b εικ. ;
|c 24 εκ.
|
| 490 |
1 |
|
|a Routledge Advances in Corpus Linguistics ;
|v 17
|
| 504 |
|
|
|a Περιλαμβάνει βιβλιογραφία και ευρετήριο.
|
| 650 |
|
4 |
|a Υπολογιστική γλωσσολογία
|9 155847
|
| 650 |
|
4 |
|a Corpora (Γλωσσολογία)
|9 176973
|v Μεθοδολογία.
|
| 700 |
1 |
|
|a Baker, Paul,
|d 1972-
|e επιμελητής.
|9 58624
|
| 700 |
1 |
|
|a Egbert, Jesse,
|d 1985-
|e επιμελητής.
|9 176919
|
| 830 |
|
0 |
|9 176920
|a Routledge Advances in Corpus Linguistics
|v 17.
|
| 942 |
|
|
|2 ddc
|c BK15
|
| 998 |
|
|
|c ΒΑΣΙΛΕΙΟΥ
|d 2019-07
|